A-la-đanh và cây đèn thần
.
Đã lưu trong:
| Tác giả chính: | |
|---|---|
| Định dạng: | Sách |
| Năm xuất bản: |
H.
Giáo dục
1997
|
| Chủ đề: | |
| Tags: |
Thêm thẻ
Không có thẻ, Hãy là người đầu tiên gắn thẻ bản ghi này!
|
| LEADER | 02029nam a2200289 4500 | ||
|---|---|---|---|
| 082 | |a 398.209 53 | ||
| 100 | |a Beaumont, P.De | ||
| 242 | |a Aladin et la lampe mer veilleuse | ||
| 245 | |a A-la-đanh và cây đèn thần |c P.De Beaumont; Đào Trọng Quang dịch | ||
| 260 | |a H. |b Giáo dục |c 1997 | ||
| 300 | |a 164 tr. |c 19 cm | ||
| 520 | |a . | ||
| 653 | |a Văn học dân gian | ||
| 653 | |a Ả rập | ||
| 653 | |a Truyện cổ tích | ||
| 942 | |2 ddc |c STK0 | ||
| 999 | |c 4327 |d 4327 | ||
| 952 | |0 0 |1 0 |2 ddc |4 0 |6 398_209000000000000_53 |7 0 |8 300 |9 43039 |a qbu |b qbu |c D2 |d 2014-12-19 |g 7000 |o 398.209 53 |p 450.C1 |r 0000-00-00 |w 2014-12-19 |y STK0 | ||
| 952 | |0 0 |1 0 |2 ddc |4 0 |6 398_209000000000000_53 |7 0 |8 300 |9 43040 |a qbu |b qbu |c D2 |d 2014-12-19 |g 7000 |o 398.209 53 |p 450.C2 |r 0000-00-00 |w 2014-12-19 |y STK0 | ||
| 952 | |0 0 |1 0 |2 ddc |4 0 |6 398_209000000000000_53 |7 0 |8 300 |9 43041 |a qbu |b qbu |c D2 |d 2014-12-19 |g 7000 |l 2 |o 398.209 53 |p 450.C3 |r 2018-06-25 |s 2018-06-19 |w 2014-12-19 |y STK0 | ||
| 952 | |0 0 |1 0 |2 ddc |4 0 |6 398_209000000000000_53 |7 0 |8 300 |9 43042 |a qbu |b qbu |c D2 |d 2014-12-19 |g 7000 |l 1 |m 1 |o 398.209 53 |p 450.C4 |r 2017-06-14 |s 2017-05-24 |w 2014-12-19 |y STK0 | ||
| 952 | |0 0 |1 0 |2 ddc |4 0 |6 398_209000000000000_53 |7 0 |8 300 |9 43043 |a qbu |b qbu |c D2 |d 2014-12-19 |g 7000 |o 398.209 53 |p 450.C5 |r 0000-00-00 |w 2014-12-19 |y STK0 | ||
| 952 | |0 0 |1 0 |2 ddc |4 0 |6 398_209000000000000_53 |7 0 |8 300 |9 43044 |a qbu |b qbu |c D2 |d 2014-12-19 |g 7000 |o 398.209 53 |p 450.C6 |r 0000-00-00 |w 2014-12-19 |y STK0 | ||
| 952 | |0 0 |1 0 |2 ddc |4 0 |6 398_209000000000000_53 |7 0 |8 300 |9 43045 |a qbu |b qbu |c D2 |d 2014-12-19 |g 7000 |o 398.209 53 |p 450.C7 |r 0000-00-00 |w 2014-12-19 |y STK0 | ||
| 952 | |0 0 |1 0 |2 ddc |4 0 |6 398_209000000000000_53 |7 0 |8 300 |9 43046 |a qbu |b qbu |c D2 |d 2014-12-19 |g 7000 |l 1 |o 398.209 53 |p 450.C8 |r 2015-08-25 |s 2015-08-19 |w 2014-12-19 |y STK0 | ||
| 952 | |0 0 |1 0 |2 ddc |4 0 |6 398_209000000000000_53 |7 0 |8 300 |9 43047 |a qbu |b qbu |c D2 |d 2014-12-19 |g 7000 |l 1 |o 398.209 53 |p 450.C9 |r 2018-06-22 |s 2018-06-19 |w 2014-12-19 |y STK0 | ||
| 952 | |0 0 |1 0 |2 ddc |4 0 |6 398_209000000000000_53 |7 0 |8 300 |9 43048 |a qbu |b qbu |c D2 |d 2014-12-19 |g 7000 |o 398.209 53 |p 450.C10 |r 0000-00-00 |w 2014-12-19 |y STK0 | ||